000 00260nam a2200133Ia 4500
100 _aBorg
942 _cBK
654 _aMatrix
245 _aMatrixtensor Methods
260 _bEast west press
_c2001
082 _a530.1
300 _a313
546 _aENGLISH
999 _c33202
_d33202